Audiobook: The Story of My Experiments With Truth - Autobiography (Record no. 105933)

MARC details
000 -LEADER
fixed length control field 00405nam a2200133Ia 4500
008 - FIXED-LENGTH DATA ELEMENTS--GENERAL INFORMATION
fixed length control field 211119s9999||||xx |||||||||||||| ||und||
082 ## - DEWEY DECIMAL CLASSIFICATION NUMBER
Classification number 954.045
Item number GAN-A
100 ## - MAIN ENTRY--PERSONAL NAME
Personal name Gandhi, M K
245 #0 - TITLE STATEMENT
Title Audiobook: The Story of My Experiments With Truth - Autobiography
260 ## - PUBLICATION, DISTRIBUTION, ETC.
Name of publisher, distributor, etc. Charkha Audio Books
Place of publication, distribution, etc. Mumbai
Date of publication, distribution, etc. 1927
300 ## - PHYSICAL DESCRIPTION
Extent 64p
650 ## - SUBJECT ADDED ENTRY--TOPICAL TERM
Topical term or geographic name entry element history
942 ## - ADDED ENTRY ELEMENTS (KOHA)
Koha item type BOOK
650 ## - SUBJECT ADDED ENTRY--TOPICAL TERM
Form subdivision gandhiEconomics
General subdivision PGR-GANDHIAN STUDIES
Holdings
Withdrawn status Lost status Damaged status Not for loan Home library Current library Date acquired Cost, normal purchase price Total Checkouts Full call number Barcode Shelving location Date last seen Price effective from Koha item type
        SB LIBRARY SB LIBRARY 19/11/2021 20.00   954.045 GAN-A 00119325 PGR-GANDHIAN STUDIES 19/11/2021 19/11/2021 BOOK

Powered by Koha